000
00286nam a22001217a 4500
008
170527b xxu||||| |||| 00| 0 eng d
041
_a
eng
080
_a
66.0
100
_a
27
101
_a
IM
245
_a
GRAPHICAL TECHNIQUES FOR ENGINEERING COMPUTATIONS
_c
BURROWS
942
_2
udc
_c
BK
999
_c
14666
_d
14666